Crisis of modern man and perspective of eternity in light of T.G. Masaryk`s thinking

Masarykovo chápanie krízy moderného človeka.

Gespeichert in:
Bibliographische Detailangaben
1. Verfasser: Svoboda, Jan
Format: Buchkapitel
Sprache:Englisch
Schlagworte:
Tags: Tag hinzufügen
Keine Tags, Fügen Sie das erste Tag hinzu!

MARC

LEADER 00000naa a2200000 4500
001 0191485
005 20220714120504.3
041 0 |a eng 
044 |a CZ 
245 1 0 |a Crisis of modern man and perspective of eternity in light of T.G. Masaryk`s thinking  |c Jan Svoboda 
520 |a Masarykovo chápanie krízy moderného človeka. 
610 2 0 |a filozofia 
610 2 0 |a Masaryk, T.G. 
610 2 0 |a náboženstvo 
100 1 |a Svoboda, Jan